000 00466nam a2200181Ia 4500
008 240925s9999 xx 000 0 und d
020 _a9788131791233
082 _a658.3 GOP
100 _aGopal Ji
245 0 _aHuman Resource Management: concept and practices
250 _aNA
260 _aNew Delhi:
_bPearson Education
_c,2013.
300 _a295p.
_b0
_fOriginal
500 _aIncludes Index
600 _aManagement
650 _aManagement
942 _cBK
999 _c15917
_d15917